00510nam a22001937a 4500003000400000020001800004082002000022100002200042245005300064260003000117300001000147500001600157500001700173500001800190500005800208546001400266650001400280700002200294OSt a9789353904371 a808.839bDEV/SH aDevadath Padnayak aSyamavarnnanb/ശ്യാമവർണ്ണൻ aKottayambD C Booksc2020 a300p. aSyamavarnan ashyamavarnan ashyamavarnnan aദേവ്ദത് പട്‌നായിക്  aMalayalam aMythology aSreelatha, S, Tr.